=LDR 00000nam 2200000 4500 =001 INLIS000000000051721 =005 20200714124303 =035 ##$$a 0010-1017000160 =007 ta =008 200714################g##########0#ind## =020 ##$$a 979-8125-19-9 =082 ##$$a 2x6.209 398 =084 ##$$a 2x6.209 398 RUD k =100 #$$a Rudianto, Frans =245 1#$$a Kebangitan Islam di Indonesia dalam percaturan politik nasional /$c Frans Rudianto, HS =260 ##$$a Jakarta :$b Golden Terayon Press,$c 1996 =300 ##$$a ix, 54 hlm ; $c 21 cm =650 #4$$a Islam - Politil- Indonesia =990 ##$$a 137.350/Pb-98